000 00666nam a2200229Ia 4500
003 OSt
005 20220928105113.0
006 a|||||r|||| 00| 0
007 ta
008 220927b |||||||| |||| 00| 0 eng d
024 _a58038
037 _cTextual
040 _aSDCL
_cSDCL
_beng
041 _2eng
_aeng
082 _aV73,4Lx, L4
100 _aAlbert Michael
_9413781
245 0 _aWhat is to be undone
_b A modern revolutionary discussion of classical left ideologies.
260 _aBoston
_bPorter Sargent Publisher
_c1974
300 _a332p
_ccm.
942 _hV73,4Lx, L4
_cTEXL
_2CC
999 _c729597
_d729597